| 000 | 00736nam a2200229Ia 4500 | ||
|---|---|---|---|
| 005 | 20260629163254.0 | ||
| 008 | 260629s9999||||xx |||||||||||||| ||und|| | ||
| 020 | _a195662709 | ||
| 020 |
_a9780195662702 _qpbk |
||
| 082 |
_a820.954 _bMUK |
||
| 100 | _aMukherjee, Meenakshi | ||
| 245 | 4 | _aThe perishable empire : essays on Indian writing in English | |
| 250 | _a1st ed. 2000 ; pbk ed. 2002 ; 9th imp. 2012 | ||
| 260 |
_aNew Delhi _bOxford University Press _c2002 |
||
| 300 | _axiii, 212 p. ; 22 cm. | ||
| 653 | _aAuthors, Indic | ||
| 653 | _aEnglish language—India | ||
| 653 | _aIndia in literature | ||
| 653 | _aIndic literature (English)—History and criticism | ||
| 653 | _aPostcolonialism in literature | ||
| 942 | _cBK | ||
| 999 |
_c57308 _d57308 |
||